| 000 | 00884nam a2200301Ia 4500 | ||
|---|---|---|---|
| 001 | 472 | ||
| 003 | IT-RoPAU | ||
| 008 | 130308s9999 xx 000 0 und d | ||
| 040 | _aIT-RoPAU | ||
| 040 | _cIT-RoPAU | ||
| 041 | _aITALIANO | ||
| 100 | _aCarnap Rudolf | ||
| 100 | _gCodice Aut. SPICS: 8409 | ||
| 245 | _aProbabilità e induzione | ||
| 245 | _bAnaliticita', Significanza, Induzione | ||
| 250 | _a1a ed. | ||
| 260 | _aBOLOGNA | ||
| 260 | _bIl Mulino | ||
| 260 | _c1971 [1° Ed.:1971 - Ed.Ling.Originale:1963] | ||
| 300 | _a"22 p. (prefazione: no ; testo: 22 [pagine: 473-494])" | ||
| 500 | _aCompito della Logica Induttiva Sistema di Assiomi per la Logica Induttiva famiglie di Predicati Assiomi Generali e Speciali | ||
| 650 | _aLOGICA FILOSOFICA | ||
| 650 | _eCodice materia Spics: 3151 | ||
| 942 | _cBK | ||
| 957 | _71 | ||
| 999 |
_c39074 _d39074 |
||
| 999 | _bSI | ||
| 999 | _g1 | ||